|
|
|
|
| LEADER |
01625nam a2200373 a 4500 |
| 001 |
000294102 |
| 003 |
CZ BrMZK |
| 005 |
20080707140240.0 |
| 007 |
ta |
| 008 |
010907s1997 xr a f cze d |
| 015 |
|
|
|a cnb000307020
|
| 020 |
|
|
|a 80-7078-485-7
|
| 035 |
|
|
|a (OCoLC)39317514
|
| 040 |
|
|
|a BOA001
|b cze
|
| 080 |
|
|
|a 336.2(075.8)
|2 MRF
|
| 100 |
1 |
|
|a Široký, Jan,
|d 1964-2020
|7 mzk2003171529
|4 aut
|
| 245 |
1 |
0 |
|a Daňové poradenství /
|c Jan Široký, Jan Novotný, Renáta Hótová
|
| 250 |
|
|
|a 1. vyd.
|
| 260 |
|
|
|a Ostrava :
|b VŠB-Technická univerzita,
|c 1997
|
| 300 |
|
|
|a 109 s. :
|b il. ;
|c 29 cm
|
| 500 |
|
|
|a Určeno pro posluchače 4. ročníku EkF
|
| 500 |
|
|
|a Dostupné též v digitální podobě v aplikaci Kramerius
|
| 653 |
0 |
|
|a daně
|a daňové poradenství
|
| 700 |
1 |
|
|a Hótová, Renáta
|7 xx0002743
|4 aut
|
| 700 |
1 |
|
|a Novotný, Jan Maria,
|d 1898-
|7 jk01090690
|4 aut
|
| 710 |
2 |
|
|a Vysoká škola báňská - Technická univerzita Ostrava.
|b Ekonomická fakulta
|7 kn20010709388
|
| 856 |
4 |
1 |
|u http://www.digitalniknihovna.cz/mzk/uuid/uuid:7c1ebca0-3812-11ee-8f00-5ef3fc9bb22f
|y Digitalizovaný dokument
|x NDK
|
| 910 |
|
|
|a BOA001
|b 4-1042.761
|b TK-A-0262.071
|
| 920 |
|
|
|a 000247124
|
| 964 |
|
|
|a Daně
|x poradenství
|x učebnice
|x školy vysoké
|
| 990 |
|
|
|a BK
|
| 996 |
6 |
|
|b 2610066931
|c 4-1042.761
|l MZK
|r Sklad / do 1 hodiny
|n 13
|p p.v.
|w 000294102
|u 000010
|a 1
|e BOA001
|j MZK50
|s P
|
| 996 |
7 |
|
|b 2620008743
|c TK-A-0262.071
|l MZK
|r Sklad / do 24 hodin
|n 11
|p kup
|w 000294102
|u 000020
|a 1
|e BOA001
|j MZK50
|s A
|
| 996 |
7 |
|
|b 2620008744
|c TK-A-0262.071
|l MZK
|r Sklad / do 24 hodin
|n 3
|p kup
|w 000294102
|u 000030
|a 1
|e BOA001
|j MZK50
|s A
|